000 00814nam a22002537a 4500
001 9512
003 FISKH
005 20260116114329.0
008 260116b cb ||||| |||| 00| 0 eng d
020 _a9789380025261
040 _aFISKH
_beng
_cFISKH
_dFISKH
082 _a641.35
100 _aAnonymous
245 _aMy first book of vegetables /
_cBy Anonymous
260 _aNew Delhi :
_bYoung Learner Publications ,
300 _a16 pages :
_bcolor illustrations ;
_c28 cm .
490 _aYoung Learner's
505 _aD
520 _aThe book introduces a variety of vegetables such as carrots, potatoes, tomatoes, spinach, and peas using colorful photographs or illustrations.
521 8 _a160
_bLexile estimate
521 8 _aD
_bRaz-Plus
942 _2ddc
_cBK
_n0
999 _c9512
_d9512